| 000 | 00412cam a22001451 4500 | ||
|---|---|---|---|
| 050 | 0 | 0 |
_aQD561 _b.F86 |
| 100 | 1 |
_aFuoss, Raymond M. _d1905-1987. |
|
| 245 | 1 | 0 |
_aElectrolytic conductance, _cby Raymond M. Fuoss and Filippo Accascina. |
| 250 | _a[English ed.]. | ||
| 260 |
_aNew York, _bInterscience Publishers, _c1959. |
||
| 300 | _a279 p. | ||
| 650 | 0 | _xConductivity. | |
| 700 | 1 | _aAccascina, Filippo, | |
| 942 | _cGEN | ||
| 999 |
_c2147 _d2147 |
||